| 000 | 00407 a2200157 4500 | ||
|---|---|---|---|
| 005 | 20250627130118.0 | ||
| 020 | _a0-256-255534-2 | ||
| 082 | _a657 LAR | ||
| 100 | _aLARSON, K. D. | ||
| 245 | _aFundamental Accounting Principles. | ||
| 250 | _a15th Ed. | ||
| 260 |
_aNew York, _bMcGraw Hill, _c1999. |
||
| 300 |
_axxxii, 1237p.: ill.; figure, table _bIndex _c28cm |
||
| 700 | _aWILD, J. J. | ||
| 942 |
_2ddc _cBKS |
||
| 999 |
_c5640 _d5640 |
||